[Event "Giessen Feb-IM"]
[Site "Giessen"]
[Date "1994.??.??"]
[Round "3"]
[White "Mohandesi, Shahin"]
[Black "Adamski, Jan"]
[Result "0-1"]
[WhiteElo "2305"]
[BlackElo "2415"]

1.d4 Nf6 2.c4 e6 3.Nf3 b6 4.Nc3 Bb7 5.Bf4 Bb4 6.e3 Ne4 7.Qc2 f5 8.O-O-O Bxc3
9.bxc3 Qe7 10.Kb2 d6 11.Ne1 Nd7 12.f3 Nef6 13.Qa4 O-O 14.Nc2 c5 15.Qa3 Rfd8
16.h3 a6 17.Ka1 b5 18.Qa5 e5 19.Bg5 Re8 20.d5 Qf7 21.Rb1 Reb8 22.Bxf6 Nxf6
23.cxb5 axb5 24.Qxb5 Qc7 25.Bc4 Ba6 26.Qa4 Bb7 27.Qb5 Nd7 28.Bb3 Nb6 29.c4 Ba6
30.Qc6 Qd8 31.Ba4 Bxc4 32.Bb3 Rc8 33.Qxb6 Qxb6 34.Bxc4 Qa5  0-1

[Event "FIN-SWE m"]
[Site "Haernoesand"]
[Date "1994.??.??"]
[Round "?"]
[White "Hakulinen, Esko Matti"]
[Black "Schussler, Harry"]
[Result "1/2-1/2"]
[WhiteElo "2330"]
[BlackElo "2465"]

1.d4 Nf6 2.c4 e6 3.Nf3 b6 4.Nc3 Bb7 5.Bg5 Be7 6.e3 h6 7.Bh4 O-O 8.Bd3 c5
9.O-O cxd4 10.exd4 Bxf3 11.Qxf3 Nc6 12.Ne2 d5 13.Bxf6 Bxf6 14.cxd5 exd5 15.Qg4 Qd6
16.Rac1 Rac8 17.a3 Ne7 18.g3 g6 19.Ba6 Rxc1 20.Rxc1 b5 21.Bxb5 Rb8 22.Qd7 Qxd7
23.Bxd7 Rxb2 24.Kf1 Rb7 25.Bg4 h5 26.Bf3 Rb3  1/2-1/2

[Event "SWE-ch"]
[Site "Haparanda"]
[Date "1994.??.??"]
[Round "10"]
[White "Astrom, Robert"]
[Black "Schneider, Lars Ake"]
[Result "1/2-1/2"]
[WhiteElo "2335"]
[BlackElo "2440"]

1.d4 Nf6 2.c4 e6 3.Nf3 b6 4.Nc3 Bb7 5.a3 d5 6.Bg5 Be7 7.Qa4+ c6 8.Bxf6 Bxf6
9.cxd5 exd5 10.g3 O-O 11.Bg2 Nd7 12.O-O Qe7 13.Rfd1 Rfd8 14.e3 Nf8 15.h4 g6
16.b4 Ne6 17.Rab1 Ng7 18.Qb3 a6 19.Na4 Qc7 20.Rbc1 Bc8 21.Rc3 Rb8 22.Rdc1 Bd7
23.Qc2 Nf5 24.Nb2 Nd6 25.Nd3 Nc4 26.Rxc4 dxc4 27.Qxc4 Be6 28.Qxc6 Qxc6 29.Rxc6 Rdc8
30.Nfe5 Rxc6 31.Nxc6 Rc8 32.d5 Bd7 33.Kf1 Kf8 34.Ke2 Bc3 35.Kd1 Bxc6 36.dxc6 Ke7
37.Kc2 Bg7 38.a4 Kd6 39.Kb3 f5 40.Kc4 Rd8 41.b5 axb5+ 42.Kxb5 Bc3 43.Nf4 Ba5
44.Nd5  1/2-1/2

[Event "Havana op"]
[Site "Havana"]
[Date "1994.??.??"]
[Round "2"]
[White "Rivera, Alberto"]
[Black "Rodriguez, Andres"]
[Result "0-1"]
[WhiteElo "2370"]
[BlackElo "2435"]

1.d4 Nf6 2.Nf3 e6 3.c4 b6 4.Nc3 Bb7 5.a3 d5 6.Bg5 Be7 7.Bxf6 Bxf6 8.cxd5 exd5
9.e3 O-O 10.Qb3 c5 11.Rd1 c4 12.Qc2 a6 13.g3 b5 14.Bg2 Nd7 15.h4 Re8 16.Ng5 Nf8
17.Qf5 g6 18.Qf4 h6 19.Nxf7 Kxf7 20.Qxh6 Qd6 21.O-O Rad8 22.Rfe1 Kg8 23.h5 Bg7
24.Qg5 Qf6 25.Qxf6 Bxf6 26.hxg6 Kg7 27.f4 Nxg6 28.Kf2 Bc6 29.Rh1 a5 30.Rh5 Ne7
31.g4 Kf7 32.Ne2 b4 33.axb4 axb4 34.Ng3 Ra8 35.g5 Bg7 36.Kf3 Ra2 37.Rb1 Ba4
38.Bh3 Bc2 39.Rc1 Rxb2 40.f5 b3 41.f6 Rb1 42.Rxb1 Bxb1 43.Ne2  0-1

[Event "HUN-chT 9394"]
[Site "?"]
[Date "1994.??.??"]
[Round "?"]
[White "Orgovan, Sandor"]
[Black "Szurovszky, Elek"]
[Result "1/2-1/2"]
[WhiteElo "2330"]
[BlackElo "2280"]

1.d4 Nf6 2.Nf3 e6 3.c4 b6 4.Nc3 Bb7 5.g3 Be7 6.Bg2 O-O 7.O-O Ne4 8.Nxe4 Bxe4
9.Ne1 Bxg2 10.Nxg2 d6 11.b3 Bf6 12.Bb2 e5 13.dxe5 Bxe5 14.Bxe5 dxe5 15.Qxd8 Rxd8
16.Rfd1  1/2-1/2

[Event "HUN-chT 9394"]
[Site "?"]
[Date "1994.??.??"]
[Round "?"]
[White "Petran, Pal"]
[Black "Lengyel, Levente"]
[Result "1-0"]
[WhiteElo "2475"]
[BlackElo "2385"]

1.d4 Nf6 2.c4 e6 3.Nf3 b6 4.Nc3 Bb7 5.a3 d5 6.Bg5 Be7 7.Qa4+ c6 8.cxd5 exd5
9.e3 O-O 10.Rc1 Nbd7 11.Bd3 Re8 12.O-O a6 13.Qc2 c5 14.Ne5 c4 15.Bf5 Nf8
16.a4 h6 17.Bxf6 Bxf6 18.f4 Rb8 19.b3 b5 20.axb5 axb5 21.Nxb5 cxb3 22.Qxb3 Qb6
23.Bd3 Bxe5 24.fxe5 Bc6 25.Rb1 Qa5 26.Qc3 Qxc3 27.Nxc3 Rxb1 28.Bxb1 Rb8 29.Ba2 Rd8
30.e4  1-0

[Event "HUN-chT2 9394"]
[Site "?"]
[Date "1994.??.??"]
[Round "?"]
[White "Jeszenkovics, Tibor"]
[Black "Nagy, Zoltan"]
[Result "0-1"]
[WhiteElo "2250"]
[BlackElo "2290"]

1.Nf3 Nf6 2.d4 e6 3.c4 b6 4.Nc3 Bb4 5.Qb3 c5 6.Bg5 Nc6 7.e3 Ba6 8.dxc5 bxc5
9.Nd2 h6 10.Bh4 Qa5 11.Bxf6 gxf6 12.Nde4 Ke7 13.Qd1 f5 14.Qd6+ Kd8 15.O-O-O Qc7
16.Nb5 Bxb5 17.cxb5 Ne5 18.Qxc7+ Kxc7 19.Nd6 Ng4 20.Be2 Nxf2 21.Nxf7 Rh7
22.Ne5 Nxh1 23.Rxh1 Ba5 24.Rd1 d5 25.a4 c4 26.Nf3 Rc8 27.Kb1 Bb6 28.Nd4 Kd6
29.Nc6 a6 30.Nb4 Ba5  0-1

[Event "HUN-chT2 9394"]
[Site "?"]
[Date "1994.??.??"]
[Round "?"]
[White "Soponyai, Tamas"]
[Black "Simo, Judit"]
[Result "0-1"]
[WhiteElo "2120"]
[BlackElo "2035"]

1.d4 Nf6 2.c4 e6 3.Nf3 b6 4.Nc3 Bb4 5.e3 Bb7 6.Be2 Ne4 7.Qc2 O-O 8.O-O Bxc3
9.bxc3 d6 10.Nd2 Qh4 11.Bf3 Nxd2 12.Bxb7 Nxf1 13.h3 Nd7 14.Bxa8 Rxa8 15.Kxf1 Nf6
16.Bd2 Re8 17.Be1 e5 18.a4 a5 19.Rb1 Ne4 20.Kg1 Ng5 21.Qf5 Qe4 22.Qd7 Rf8
23.Rc1 Ne6 24.d5 Nc5 25.Qxc7 Nb3  0-1

[Event "JUG-chT"]
[Site "Igalo"]
[Date "1994.??.??"]
[Round "?"]
[White "Poluljahov, Aleksandr"]
[Black "Dokhoian, Yury"]
[Result "1/2-1/2"]
[WhiteElo "2485"]
[BlackElo "2580"]

1.d4 Nf6 2.c4 e6 3.Nf3 b6 4.Nc3 Bb4 5.Qb3 c5 6.Bg5 Bb7 7.e3 O-O 8.Bd3 cxd4
9.Qxb4 Na6 10.Qa3 dxc3 11.Qxc3 Nc5 12.Bc2 Rc8 13.Qd4 h6 14.Bxf6 Qxf6 15.Qxf6 gxf6
16.Nd4 a5 17.b3 Rfd8 18.O-O f5 19.f3 d5 20.cxd5 Rxd5 21.Rad1 Rcd8 22.g3 Kg7
23.a3 Kf6 24.f4 h5 25.Kf2 h4 26.gxh4 Rh8 27.Nf3 Ne4+ 28.Bxe4 fxe4 29.Rxd5 Bxd5
30.Nd4 Rxh4 31.Kg3 Rh8 32.Rc1 Rg8+ 33.Kf2 Rh8 34.Kg3 Rg8+ 35.Kf2 Rh8  1/2-1/2

[Event "JUG-chT"]
[Site "Igalo"]
[Date "1994.??.??"]
[Round "?"]
[White "Nikcevic, Nebojsa"]
[Black "Rajkovic, Dusan"]
[Result "1/2-1/2"]
[WhiteElo "2470"]
[BlackElo "2505"]

1.d4 Nf6 2.c4 e6 3.Nf3 b6 4.Nc3 Bb4 5.Qc2 Bb7 6.Bg5 c5 7.dxc5 bxc5 8.e3 O-O
9.Bd3 h6 10.Bh4 d5 11.O-O Nbd7 12.cxd5 exd5 13.Bf5 Bxc3 14.Qxc3 Qb6 15.Rfc1 Ne4
16.Qa3 Ndf6 17.Ne5 g5 18.Bxe4 Nxe4 19.Nd7 Qb5 20.Nxf8 gxh4 21.f3 Nf6 22.Qxc5 Qxc5
23.Rxc5 Kxf8 24.h3 Bc8 25.Rd1 a5 26.Rd4 Bd7 27.Rxh4 h5 28.Rf4 Ke7 29.b3 Kd6
30.Rc3 Ke6 31.Kf2 Ra7 32.Rh4 Ke5 33.Rd4 Kd6 34.Kg3 Ke5 35.Kf2 Kd6 36.Ke2 Ra8
37.Rf4 Ke6 38.Rc7 Kd6 39.Rc3 Ke6 40.Kf2 Ra7 41.Rd4 Kd6  1/2-1/2

[Event "JUG-chT"]
[Site "Igalo"]
[Date "1994.??.??"]
[Round "?"]
[White "Poluljahov, Aleksandr"]
[Black "Sokolov, Andrei"]
[Result "1/2-1/2"]
[WhiteElo "2510"]
[BlackElo "2555"]

1.d4 Nf6 2.c4 e6 3.Nf3 b6 4.Nc3 Bb7 5.a3 d5 6.Bg5 Be7 7.Qa4+ Qd7 8.Qxd7+ Nbxd7
9.Nb5 Kd8 10.cxd5 Bxd5 11.e3 a6 12.Nc3 Bb7 13.Be2 h6 14.Bf4 Bd6 15.Ne5 Ke7
16.O-O g5 17.Bg3 h5 18.Bf3  1/2-1/2

[Event "ISL-chT"]
[Site "?"]
[Date "1994.??.??"]
[Round "?"]
[White "Gretarsson, Helgi Ass"]
[Black "Erlingsson, Jonas P"]
[Result "1-0"]
[WhiteElo "2390"]
[BlackElo "2245"]

1.d4 Nf6 2.c4 e6 3.Nf3 b6 4.Nc3 Bb7 5.a3 Be7 6.d5 a5 7.e4 exd5 8.cxd5 d6
9.Bb5+ Nfd7 10.O-O O-O 11.Be3 Bf6 12.Rc1 Ba6 13.Nd4 Bxb5 14.Ncxb5 Na6 15.Nc6 Qe8
16.Qc2 a4 17.f4 Ndb8 18.Bf2 Nxc6 19.dxc6 Qc8 20.Rce1 Nc5 21.e5 Be7 22.Bxc5 bxc5
23.Re4 Ra5 24.Nc3 dxe5 25.Nd5 Bd8 26.Rxe5 Qa8 27.Qe4 f5 28.Qc4 Kh8 29.Re6 Qa6  1-0

[Event "JUG-chT2"]
[Site "?"]
[Date "1994.??.??"]
[Round "1"]
[White "Biocanin, Gordana"]
[Black "Sekulovic, Dusica"]
[Result "1-0"]
[WhiteElo "2080"]
[BlackElo "2035"]

1.d4 Nf6 2.c4 e6 3.Nf3 b6 4.Nc3 Bb7 5.Bg5 Be7 6.e3 h6 7.Bh4 O-O 8.Bd3 d6
9.O-O Nbd7 10.Rc1 a5 11.a4 e5 12.Bxf6 Bxf6 13.Nd5 exd4 14.exd4 Re8 15.Re1 Bxd5
16.Rxe8+ Qxe8 17.cxd5 Ra7 18.Bb5 Qd8 19.Qc2 Be7 20.Re1 Nf6 21.Qf5 g6 22.Qf4 Kg7
23.Bc6 Ng8 24.h3 Qc8 25.g4 Qd8 26.Kg2 Bg5 27.Qg3 Qf6 28.Nxg5 hxg5 29.Qe3 Qd8
30.f4 gxf4 31.Qxf4 Qf6 32.Qe3 Qd8 33.g5 f6 34.Qf3 fxg5 35.Re8 g4 36.Qf8+  1-0

[Event "JUG-ch sf"]
[Site "Kladovo"]
[Date "1994.??.??"]
[Round "?"]
[White "Nestorovic, Dejan"]
[Black "Jovanovic, Bojan"]
[Result "1-0"]
[WhiteElo "2365"]
[BlackElo "2355"]

1.d4 Nf6 2.c4 e6 3.Nf3 b6 4.Nc3 Bb7 5.a3 d5 6.Qc2 Be7 7.cxd5 Nxd5 8.Bd2 O-O
9.e4 Nxc3 10.Bxc3 c5 11.dxc5 Bxc5 12.Bd3 Ba6 13.Bxa6 Nxa6 14.O-O Be7 15.Ne5 Qc7
16.Qe2 Nc5 17.Ng4 h5 18.Ne5 Bd6 19.Nf3 Rfd8 20.Rad1 Rac8 21.e5 Be7 22.Nd4 Na4
23.Bb4 Bxb4 24.Nb5 Qe7 25.axb4 Rxd1 26.Rxd1 Qxb4 27.Nxa7 Re8 28.Qxh5 Nxb2
29.Rb1 Qa4 30.Qe2 Qxa7 31.Qxb2 Rb8 32.Qb5 Qc7 33.h4 Qc2 34.g3 Qe4 35.Rb4 Qe1+
36.Kg2 Qd2 37.Rb2 Qd4 38.Rb4 Qd2 39.Rb1 Qd4 40.Kg1 Qe4 41.Rb4 Qe1+ 42.Kg2 Qd2
43.Qc4 Qd7 44.Rb5 Rc8 45.Qb3 Qc6+ 46.Kh2 Qc2 47.Qxc2 Rxc2 48.Kg2 Rc6 49.f4 Kf8
50.h5 Kg8 51.Kh3 Kh7 52.Kh4 f6 53.exf6 gxf6 54.Rb4 Kg7 55.g4 Rd6 56.g5 fxg5+
57.fxg5 e5 58.Kg4 Re6 59.Kf5 Re7 60.Rxb6 e4 61.Rb2 e3 62.Re2 Rf7+ 63.Kg4 Re7
64.Kf4 Rf7+ 65.Kxe3 Rf5 66.Rg2 Ra5 67.Kf4 Ra4+ 68.Kg3 Ra5 69.Kh4 Ra4+ 70.Rg4 Ra1
71.Rf4 Rh1+ 72.Kg4 Rg1+ 73.Kf5 Rh1 74.h6+ Kh7 75.g6+ Kh8 76.Rc4 Rf1+ 77.Ke4 Re1+
78.Kd3 Rd1+ 79.Ke2 Rd8 80.Ke3 Rg8 81.Rc6 Ra8 82.Kd4 Rd8+ 83.Kc5  1-0

[Event "Kopavogur"]
[Site "Kopavogur"]
[Date "1994.??.??"]
[Round "?"]
[White "Gretarsson, Helgi Ass"]
[Black "Arnason, Jon L"]
[Result "1/2-1/2"]
[WhiteElo "2390"]
[BlackElo "2520"]

1.d4 Nf6 2.c4 e6 3.Nf3 b6 4.Nc3 Bb7 5.a3 d5 6.cxd5 exd5 7.Bf4 Bd6 8.Bxd6 Qxd6
9.Qa4+ c6 10.g3 O-O 11.Bg2 Nbd7 12.O-O Rfe8 13.Rfd1 Ne4 14.e3 Qe7 15.Qc2 Ndf6
16.Rac1 Rac8 17.Bh3 Rcd8 18.b4 Bc8 19.Bxc8 Rxc8 20.Nxe4 dxe4 21.Ne5 c5 22.b5 Qe6
23.Qc4 Qxc4 24.Rxc4 cxd4 25.Rxc8 Rxc8 26.Nc6 Rc7 27.Rxd4 g5 28.Ra4 Rd7 29.Rxa7 Rd1+
30.Kg2 Rd2 31.h3 Nd5 32.Ne7+ Nxe7 33.Rxe7 Rb2 34.Re5 h6 35.Rxe4 Rxb5 36.Rb4 Ra5
37.Rxb6 Kg7 38.Rb3 Ra4 39.Kf3 h5 40.Ke2 f5 41.Kd2 h4 42.Kc2 g4 43.hxg4 hxg3
44.fxg3 Rxg4 45.Rc3 Kf6 46.Kb3 Rxg3 47.a4 Ke5 48.a5 Rg8 49.Kc4 Rc8+ 50.Kd3 Rf8
51.Kc4 Rc8+ 52.Kb4 Rb8+ 53.Ka4 Kd5 54.Rb3 Re8 55.Rb5+ Kc6 56.a6 Re4+ 57.Rb4 Re7
58.Rb3 Rd7 59.Ra3 Rc7 60.Rb3 Rd7 61.Rb7 Rd8 62.Re7 f4 63.a7 f3 64.Ka5 Rf8
65.Rf7 Rxf7 66.a8=Q+ Kd6 67.Qb8+ Ke7 68.Qb4+ Ke8 69.Qe1 f2 70.Qf1 Ke7 71.Kb4 Ke6
72.Kc3 Ke7 73.Kd3 Ke6 74.Ke2 Ke7 75.e4 Rf4 76.Ke3 Rf8  1/2-1/2

[Event "Kstovo op"]
[Site "Kstovo"]
[Date "1994.??.??"]
[Round "6"]
[White "Yuferov, Sergey  N"]
[Black "Tunik, Gennady"]
[Result "1/2-1/2"]
[WhiteElo "2470"]
[BlackElo "2450"]

1.d4 Nf6 2.c4 e6 3.Nf3 b6 4.Nc3 Bb4 5.e3 Bb7 6.Bd3 O-O 7.O-O d5 8.a3 Bd6
9.cxd5 exd5 10.b4 a6 11.Qb3 Nbd7 12.a4 Re8 13.Ba3 Nf8 14.b5 a5 15.Rfc1 h6
16.Rc2 N8h7 17.Bxd6 cxd6 18.Bxh7+ Kxh7 19.Rac1 Rc8 20.Ne1 Qd7 21.Ne2 g6 22.Nf4 Kg7
23.Qd3 Rxc2 24.Rxc2 Rc8 25.f3 Ng8 26.Kf2 Ne7 27.g4 Rc7 28.Rxc7 Qxc7 29.Qc2 Qxc2+
30.Nxc2 g5 31.Nh5+ Kg6 32.Ng3 f5 33.h3 Bc8 34.Na3 Be6 35.Nb1 Bf7 36.Nc3 Kf6
37.Nxf5 Nxf5 38.gxf5 Kxf5 39.Kg3 Kf6 40.h4 gxh4+ 41.Kxh4 Ke6 42.Ne2 Kf6 43.Kg4 Bg6
44.Nf4 Bf7 45.Kh3 Kg5 46.Kg3 Kf5 47.Kh4 Kf6 48.Kg4 Bg8 49.Nh5+ Kg6 50.Kh4 Bf7
51.Nf4+ Kf6 52.Kg4 Bg8 53.Ne2 Bf7 54.Nc3 Ke6 55.Kf4 Kf6 56.Nd1 Bg6 57.e4 dxe4
58.fxe4 d5 59.e5+ Ke6 60.Ne3 Bd3 61.Nd1 Bc2 62.Nc3 Bb3 63.Kg4 Kf7 64.Kf5  1/2-1/2

[Event "Las Vegas op"]
[Site "Las Vegas"]
[Date "1994.??.??"]
[Round "?"]
[White "Feldman, Steven"]
[Black "Kelson, Richard"]
[Result "1/2-1/2"]
[WhiteElo "2275"]
[BlackElo "2315"]

1.d4 Nf6 2.c4 e6 3.Nf3 b6 4.Nc3 Bb7 5.Bg5 h6 6.Bh4 Be7 7.e3 Ne4 8.Bxe7 Qxe7
9.Qc2 Nxc3 10.Qxc3 d6 11.Be2 Nd7 12.O-O O-O 13.b4 c5 14.a4 a5 15.bxc5 bxc5
16.Rfb1 Bc6 17.Nd2 Rfc8 18.Bf3 cxd4 19.exd4 d5 20.c5 e5 21.Nb3 exd4 22.Nxd4 Ne5
23.Be2 Be8 24.Rc1 Nc4 25.Bxc4 Rxc5 26.Qf3 Qe5 27.Bxd5 Rxd5 28.Nb5 Rad8 29.Re1 Qf5
30.Qxf5 Rxf5 31.Rab1 Bxb5 32.Rxb5 Rxb5 33.axb5 Rb8 34.Rb1 a4 35.Kf1 a3 36.Ra1 Rxb5
37.Rxa3  1/2-1/2

[Event "LAT-ch"]
[Site "?"]
[Date "1994.??.??"]
[Round "6"]
[White "Fridman, Daniel"]
[Black "Berzinsh, Roland"]
[Result "1-0"]
[WhiteElo "2440"]
[BlackElo "2475"]

1.Nf3 Nf6 2.c4 e6 3.d4 b6 4.Nc3 Bb7 5.a3 d5 6.Qc2 Be7 7.cxd5 exd5 8.g3 O-O
9.Bg2 c5 10.Bg5 Na6 11.Rd1 Nc7 12.O-O Re8 13.Rfe1 Ne6 14.Bxf6 Bxf6 15.dxc5 Nxc5
16.Nd4 Rc8 17.e3 Ne4 18.Bxe4 Rxe4 19.Nxe4 Rxc2 20.Nxf6+ Qxf6 21.Nxc2 Qxb2
22.Nd4 Ba6 23.Rb1 Qd2 24.Red1 Qa5 25.Nc6 Qa4 26.Nb4 Bb7 27.Rd3 h6 28.Rc1 a5
29.Nxd5 Kh7 30.Rcd1 b5 31.Nb6 Qe4 32.Nd5 Qf3 33.Rd4 g5 34.R1d3 Qe2 35.e4 Qe1+
36.Kg2 Qa1 37.Nf6+ Kg7 38.Ne8+ Kf8 39.Nd6 Ba6 40.Nf5 Kg8 41.Rd8+ Kh7 42.R3d6  1-0

[Event "Lenk op"]
[Site "Lenk"]
[Date "1994.??.??"]
[Round "4"]
[White "Brunner, Lucas"]
[Black "Csom, Istvan"]
[Result "1/2-1/2"]
[WhiteElo "2525"]
[BlackElo "2405"]

1.d4 Nf6 2.c4 e6 3.Nf3 b6 4.Nc3 Bb4 5.Qc2 Bb7 6.a3 Bxc3+ 7.Qxc3 d6 8.g3 Nbd7
9.Bg2 O-O 10.O-O a5 11.b3 Qb8 12.Bb2 Be4 13.Bh3 a4 14.d5 Bxf3 15.dxe6 Bc6
16.exd7 axb3 17.Rfd1  1/2-1/2

[Event "Lippstadt"]
[Site "Lippstadt"]
[Date "1994.??.??"]
[Round "11"]
[White "Gostisa, Leon"]
[Black "Hoffmann, Michael"]
[Result "1/2-1/2"]
[WhiteElo "2410"]
[BlackElo "2470"]

1.d4 Nf6 2.c4 e6 3.Nf3 b6 4.Nc3 Bb7 5.Bg5 h6 6.Bh4 g5 7.Bg3 Nh5 8.e3 Nxg3
9.hxg3 Bg7 10.Qc2 Nc6 11.O-O-O Qe7 12.a3 a6 13.Kb1 O-O-O  1/2-1/2

[Event "Maribor Pirc"]
[Site "Maribor"]
[Date "1994.??.??"]
[Round "9"]
[White "Gostisa, Leon"]
[Black "Farago, Ivan"]
[Result "1-0"]
[WhiteElo "2410"]
[BlackElo "2515"]

1.d4 Nf6 2.Nf3 e6 3.c4 b6 4.Nc3 Bb4 5.Bg5 h6 6.Bh4 Bb7 7.e3 Bxc3+ 8.bxc3 d6
9.Nd2 g5 10.Bg3 Qe7 11.f3 Nbd7 12.Be2 O-O-O 13.Qa4 Kb8 14.O-O-O e5 15.e4 Nh5
16.Bf2 f5 17.Rhe1 f4 18.c5 dxc5 19.Qa3 Ng7 20.Nb3 Ne6 21.d5 Ng7 22.Rd2 Ne8
23.Ba6 Nd6 24.Rb2 Ka8 25.Bf1 Rb8 26.Qa4 Rhc8 27.Nd2 c6 28.c4 Rc7 29.Kc2 Qe8
30.Reb1 cxd5 31.cxd5 Bc8 32.Kd1 Nf6 33.Qa3 Nd7 34.Ke1 h5 35.Nc4 Nxc4 36.Bxc4 Qg6
37.Bb5 g4 38.Qa4 Qd6 39.Bh4 Bb7 40.Rb3 c4 41.Ra3 a6 42.Bc6 Ka7 43.Bf2 Rxc6
44.dxc6 Qxc6 45.Qxc6 Bxc6 46.Rc3 Bb5 47.Rd1 Rc8 48.Rd6 gxf3 49.gxf3 Nc5 50.Bxc5 Rxc5
51.Rh6 Be8 52.Rh7+ Kb8 53.Re7 Bc6 54.Kd2 a5 55.Rc1 b5 56.Rg1 Bb7 57.Rg8+ Bc8
58.Rg5 c3+ 59.Kc2  1-0

[Event "Minsk op"]
[Site "Minsk"]
[Date "1994.??.??"]
[Round "5"]
[White "Smirnov, Valerij"]
[Black "Newerovski, Gennadi"]
[Result "1-0"]
[WhiteElo "2305"]
[BlackElo "2380"]

1.d4 Nf6 2.c4 e6 3.Nf3 b6 4.Nc3 Bb7 5.Bg5 Be7 6.Qc2 c5 7.e4 cxd4 8.Nxd4 O-O
9.O-O-O Nc6 10.Nxc6 Bxc6 11.f4 Ng4 12.Qe2 Bxg5 13.Qxg4 Be7 14.Bd3 a6 15.h4 b5
16.h5 bxc4 17.Bb1 Rb8 18.Rh3 Qb6 19.Rd2 Rfd8 20.Rg3 Bf8 21.e5 Qg1+ 22.Nd1 Qc5
23.Nf2 Rb4 24.Qe2 Rdb8 25.Ng4 Kh8 26.Nh6 Qe7 27.f5 f6 28.fxe6 dxe6 29.exf6 Qxf6
30.Ng4 Qf4 31.Qe5 Qxe5 32.Nxe5 Be8 33.Rf2 Bd6 34.h6 g6 35.Rg4 c3 36.Rxb4 Bxb4
37.b3 Kg8 38.Bd3 Bd6 39.Ng4 Be7 40.Nf6+ Bxf6 41.Rxf6 Rb6 42.Kc2 Bf7 43.Kxc3 Kf8
44.Bxg6  1-0

[Event "Monaco m"]
[Site "Monte Carlo"]
[Date "1994.??.??"]
[Round "1"]
[White "Piket, Jeroen"]
[Black "Ljubojevic, Ljubomir"]
[Result "1-0"]
[WhiteElo "2605"]
[BlackElo "2600"]

1.d4 Nf6 2.c4 e6 3.Nf3 b6 4.Nc3 Bb4 5.Bg5 Bb7 6.e3 h6 7.Bh4 Bxc3+ 8.bxc3 d6
9.Nd2 Nbd7 10.f3 Qe7 11.Bd3 e5 12.e4 Nf8 13.Nf1 Ng6 14.Bf2 Nf4 15.Ne3 Nxd3+
16.Qxd3 Nh5 17.O-O-O g6 18.Qc2 O-O-O 19.Rd2 f6 20.Rhd1 Nf4 21.Bg3 Qf7 22.Qa4 Kb8
23.dxe5 fxe5 24.c5 bxc5 25.Rb2 Ka8 26.Rxb7 Kxb7 27.Qb5+ Kc8 28.Nc4 Rhe8 29.Bxf4 Qxf4+
30.Kc2 Qxh2 31.Nxd6+ Rxd6 32.Qxe8+ Kb7 33.Rxd6 cxd6 34.Qd7+ Kb6 35.Qxd6+ Kb7
36.Qd7+ Kb6 37.Qd6+ Kb7 38.Qxg6 c4 39.a4 h5 40.Qf7+ Kb8 41.Qg8+ Kb7 42.Qd5+ Kb8
43.Qb5+ Ka8 44.Qxc4 Qxg2+ 45.Kb3 Qh3 46.Qd5+ Kb8 47.Qxe5+ Kc8 48.Qc5+ Kb8
49.Qd6+ Kc8 50.Qc6+ Kb8 51.Qd6+ Kc8 52.Qf8+ Kc7 53.Qf7+ Kb8 54.Qf4+ Kc8 55.Qf8+ Kc7
56.Qf7+ Kb8 57.e5 Qh1 58.Qe8+ Kc7 59.Qe7+ Kc8 60.Qc5+ Kb7 61.Qd5+ Kc7 62.Qd6+ Kb7
63.Qd3 Qe1 64.Qh7+ Kb6 65.Qg6+ Ka5 66.Qxh5 Qd1+ 67.Kc4 Qxa4+ 68.Kd5 Qd7+
69.Ke4 Qc6+ 70.Kf5 Qxc3 71.e6 Kb6 72.f4 a5 73.Qg6 Qc5+ 74.Kf6 Qd4+ 75.Kg5 Kc7
76.Qf7+ Kc6 77.e7 Qg1+ 78.Kh6 Qh2+ 79.Kg7  1-0

[Event "Moravia-ch op"]
[Site "Moravia"]
[Date "1994.??.??"]
[Round "?"]
[White "Chytilek, Roman"]
[Black "Kolar, Srecko"]
[Result "1/2-1/2"]
[WhiteElo "2300"]
[BlackElo "2220"]

1.d4 Nf6 2.Nf3 e6 3.c4 b6 4.Nc3 Bb4 5.e3 Bb7 6.Bd3 c5 7.O-O Bxc3 8.bxc3 O-O
9.a4 d6 10.Qe2 Nbd7 11.e4 Re8 12.Bg5 h6 13.Bh4 e5 14.d5 Nf8 15.Ne1 g5 16.Bg3 Ng6
17.f3 Nh5 18.Nc2 Nhf4 19.Qd2 Bc8 20.Ne3 Nxd3 21.Qxd3 Nf4 22.Qd2 h5 23.Kh1 Bd7
24.Ra2 Qf6 25.a5 bxa5 26.Rxa5 Reb8 27.Qa2 Rb7 28.Rb1 Rxb1+ 29.Qxb1 Qd8 30.Qa2 Qc7
31.Ra6 Rb8 32.h4 Qd8 33.Rxd6 gxh4 34.Bxf4 exf4 35.Nf5 Qc7 36.Rf6 Qe5 37.Nh6+ Kh7
38.Rxf7+ Kxh6 39.Rxd7 Qxc3 40.Rxa7  1/2-1/2

[Event "Moscow ol (Men)"]
[Site "Moscow"]
[Date "1994.??.??"]
[Round "4"]
[White "Gretarsson, Helgi Ass"]
[Black "Van der Wiel, John TH"]
[Result "1/2-1/2"]
[WhiteElo "2450"]
[BlackElo "2555"]

1.d4 Nf6 2.c4 e6 3.Nf3 b6 4.Nc3 Bb7 5.a3 d5 6.cxd5 Nxd5 7.Nxd5 exd5 8.Bf4 Bd6
9.Bxd6 Qxd6 10.Rc1 O-O 11.Qc2 Na6 12.b4 Rac8 13.g3 c5 14.Bh3 Rc7 15.bxc5 bxc5
16.O-O cxd4 17.Qb2 d3 18.Rxc7 Qxc7 19.Rc1 Qb6 20.Qxb6 axb6 21.exd3 Rd8 22.d4 f6
23.a4 Rd6 24.Bf1 Kf8 25.Nd2 Ke7  1/2-1/2

[Event "Muenster op"]
[Site "Muenster"]
[Date "1994.??.??"]
[Round "3"]
[White "Schroeder, Wilfried"]
[Black "Hoffmann, Michael"]
[Result "1/2-1/2"]
[WhiteElo "2260"]
[BlackElo "2470"]

1.d4 Nf6 2.Nf3 e6 3.c4 b6 4.Nc3 Bb7 5.a3 d5 6.Bg5 Be7 7.Bxf6 Bxf6 8.cxd5 exd5
9.Qa4+ Nd7 10.e3 c5 11.Ba6 Qc8 12.Bxb7 Qxb7 13.Qb3 O-O 14.O-O g6 15.Qxd5 Qc7
16.Nb5 Qd8 17.Rfd1 a6 18.Nd6 Qe7 19.Rac1 Rfd8 20.Nb7 Rdb8 21.b4 Nf8 22.Nd6 cxb4
23.axb4 Rd8 24.Rc6 Ne6 25.Rdc1 a5 26.Rxb6 axb4 27.Ne5 Ra3 28.Nec4 Qa7 29.Rxb4 Ra1
30.Rbb1 Rxb1 31.Rxb1 Be7 32.Qc6 Qa2 33.Rf1 Bxd6 34.Nxd6 Nxd4 35.exd4 Qe6
36.Nc8 Rxc8 37.Qxe6 fxe6 38.g3 Rd8 39.Rd1 Rd5 40.f4 Kf7 41.Kf2 h5 42.h3 Ra5
43.Ke3 Ra2 44.Rd2 Ra1  1/2-1/2

[Event "New York op"]
[Site "New York"]
[Date "1994.??.??"]
[Round "1"]
[White "Van Wely, Loek"]
[Black "Alvarez, Franklin"]
[Result "1-0"]
[WhiteElo "2570"]
[BlackElo "2250"]

1.d4 Nf6 2.c4 e6 3.Nf3 b6 4.Nc3 Bb4 5.Qb3 Bxc3+ 6.Qxc3 Bb7 7.Bg5 O-O 8.e3 h6
9.Bh4 d6 10.Be2 Nbd7 11.O-O g5 12.Bg3 Ne4 13.Qc2 f5 14.Nd2 Ndf6 15.Nxe4 Nxe4
16.f3 Nxg3 17.hxg3 Qf6 18.Rad1 Rad8 19.b4 e5 20.d5 Kg7 21.g4 f4 22.Qe4 Qg6
23.Qxg6+ Kxg6 24.Bd3+ Kg7 25.Be4 fxe3 26.Rfe1 Ra8 27.c5 a5 28.a3 axb4 29.axb4 Ra3
30.c6 Ba6 31.Ra1 Rxa1 32.Rxa1 Bc4 33.Ra7 Rf7 34.Ra3 Rf8 35.Ra1 Rf7 36.Rc1 b5
37.Rc3 Rf8 38.Ra3 Kf6 39.Ra7 Rf7 40.Ra8 Kg7 41.Rc8 h5 42.gxh5 g4 43.Re8 g3
44.h6+ Kxh6 45.Rh8+ Kg7 46.Rh3 Rf8 47.Rxg3+ Kf7 48.f4 exf4 49.Rg4 Ke7 50.Bf3 Rf7
51.Rh4 Bd3 52.Rh6 Kf8 53.Rh8+ Kg7 54.Re8 Kf6 55.Re6+ Kg5 56.Re8 Bc4 57.Be4 Be2
58.Kh2 f3 59.gxf3 Kf4 60.Bg6 Rf6 61.Re6 Rf8 62.Re7 Bxf3 63.Rxc7 e2 64.Re7  1-0

[Event "New York op"]
[Site "New York"]
[Date "1994.??.??"]
[Round "7"]
[White "Vucic, Mladen"]
[Black "Hjartarson, Johann"]
[Result "0-1"]
[WhiteElo "2405"]
[BlackElo "2595"]

1.d4 Nf6 2.Nf3 e6 3.c4 b6 4.Nc3 Bb4 5.Bg5 Bb7 6.e3 h6 7.Bh4 Bxc3+ 8.bxc3 d6
9.Nd2 g5 10.Bg3 Qe7 11.f3 Nc6 12.Be2 O-O-O 13.O-O Nh5 14.Bf2 f5 15.Re1 Nf6
16.Bd3 h5 17.e4 f4 18.a4 Qg7 19.Kh1 g4 20.Bh4 Rdg8 21.Qe2 e5 22.Nb3 Nd7 23.c5 exd4
24.cxd4 dxc5 25.dxc5 Nde5 26.Bb5 Rh6 27.cxb6 cxb6 28.a5 Rg6 29.Bf2 g3 30.hxg3 fxg3
31.Be3 Qe7 32.Kg1 Qh4 33.Kf1 Ng4 34.Rec1 Qh1+ 35.Bg1 Nh2+ 36.Ke1 Qxg1+ 37.Kd2 Qf2
38.Rc3 Kb8 39.axb6 axb6 40.Rh1 Rd8+ 41.Kc1 Qxe2 42.Bxe2 h4 43.Rg1 Rf6  0-1

[Event "NLD-ch"]
[Site "?"]
[Date "1994.??.??"]
[Round "10"]
[White "Van Wely, Loek"]
[Black "Nijboer, Friso"]
[Result "1-0"]
[WhiteElo "2570"]
[BlackElo "2530"]

1.d4 Nf6 2.c4 e6 3.Nf3 b6 4.Nc3 Bb7 5.a3 d5 6.cxd5 exd5 7.Bg5 Be7 8.Qa4+ Nbd7
9.Bxf6 Bxf6 10.g3 c5 11.Bh3 a6 12.dxc5 b5 13.Qb4 d4 14.Rd1 O-O 15.O-O dxc3
16.Rxd7 Qc8 17.bxc3 a5 18.Qb3 Bxf3 19.Rxf7 a4 20.Qa2 Rxf7 21.Bxc8 Rxc8 22.exf3 Rxc5
23.Rd1 Rxc3 24.Qe6 Kf8 25.Qd6+ Re7 26.Qb8+ Kf7 27.Qxb5 Rxa3 28.Qh5+ g6 29.Qxh7+  1-0

[Event "NLD-chT9495"]
[Site "?"]
[Date "1994.??.??"]
[Round "6"]
[White "Krudde, Fitzgerald"]
[Black "Grooten, Herman"]
[Result "1-0"]
[WhiteElo "2255"]
[BlackElo "2355"]

1.d4 Nf6 2.c4 e6 3.Nf3 b6 4.Nc3 Bb4 5.g3 Ba6 6.Qb3 c5 7.a3 Ba5 8.Bg2 Nc6
9.dxc5 bxc5 10.O-O Rb8 11.Nb5 Bxb5 12.cxb5 a6 13.Qc4 Rxb5 14.a4 d5 15.axb5 dxc4
16.bxc6 Nd5 17.Ne5 Bc7 18.Nxc4 Qa8 19.Rd1 O-O 20.Ne3 Qxc6 21.Nxd5 exd5 22.Bxd5 Qb5
23.e4 Be5 24.Be3 Bxb2 25.Rab1 c4 26.Bd4 c3 27.Bxc3 Bxc3 28.Rxb5 axb5 29.Bb3 g6
30.Rd7 b4 31.f4 h6 32.Kg2 g5 33.Kf3 Kg7 34.e5 Kg6 35.Bc2+ f5 36.g4 gxf4 37.Kxf4 Bxe5+
38.Kxe5 Kg5 39.Rg7+ Kh4 40.gxf5 Rc8 41.Be4 Re8+ 42.Kf4 Rf8 43.Rg3 Rc8 44.f6 b3
45.Rxb3 h5 46.Rb5  1-0

[Event "NLD-chT9495"]
[Site "?"]
[Date "1994.??.??"]
[Round "7"]
[White "Sokolov, Ivan"]
[Black "Polugaevsky, Lev"]
[Result "1-0"]
[WhiteElo "2650"]
[BlackElo "2595"]

1.d4 Nf6 2.c4 e6 3.Nf3 b6 4.Nc3 Bb7 5.a3 d5 6.Qc2 dxc4 7.e4 c5 8.dxc5 Bxc5
9.Bxc4 Nbd7 10.O-O Qc7 11.Bd3 a6 12.Bg5 Ne5 13.Nxe5 Qxe5 14.Bh4 Nh5 15.Qa4+ Kf8
16.Qd7 g5 17.b4 Bd4 18.Bxg5 Bxc3 19.Bh6+ Ng7 20.Rac1 Re8 21.Qxb7 Qf6 22.Be3 h5
23.Qxb6 Be5 24.f4  1-0